How to be alert and acheiving: secrets from TA psychology (Record no. 172783)
[ view plain ]
| 000 -LEADER | |
|---|---|
| fixed length control field | 00599nam a2200205Ia 4500 |
| 003 - CONTROL NUMBER IDENTIFIER | |
| control field | OSt |
| 005 - DATE AND TIME OF LATEST TRANSACTION | |
| control field | 20230619141328.0 |
| 008 - FIXED-LENGTH DATA ELEMENTS--GENERAL INFORMATION | |
| fixed length control field | 210423s1995 xx 000 0 und d |
| 040 ## - CATALOGING SOURCE | |
| Transcribing agency | AL |
| 041 ## - LANGUAGE CODE | |
| Language code of text/sound track or separate title | eng |
| 082 ## - DEWEY DECIMAL CLASSIFICATION NUMBER | |
| Classification number | 152 |
| Edition number | 23 |
| Item number | KANH |
| 100 ## - MAIN ENTRY--PERSONAL NAME | |
| Personal name | KANDATHU (George);others |
| 9 (RLIN) | 112368 |
| 245 ## - TITLE STATEMENT | |
| Title | How to be alert and acheiving: secrets from TA psychology |
| 260 ## - PUBLICATION, DISTRIBUTION, ETC. | |
| Place of publication, distribution, etc. | Mumbai |
| Name of publisher, distributor, etc. | Birla Publications |
| Date of publication, distribution, etc. | 1995 |
| 365 ## - TRADE PRICE | |
| Price amount | 50 |
| Currency code | INR |
| 650 ## - SUBJECT ADDED ENTRY--TOPICAL TERM | |
| Topical term or geographic name entry element | Psychology |
| 9 (RLIN) | 112369 |
| 650 ## - SUBJECT ADDED ENTRY--TOPICAL TERM | |
| Topical term or geographic name entry element | Sensory Perception |
| 9 (RLIN) | 112370 |
| 906 ## - LOCAL DATA ELEMENT F, LDF (RLIN) | |
| a | acheiving: ; alert ; be ; How ; psychology. ; secrets ; TA |
| 942 ## - ADDED ENTRY ELEMENTS (KOHA) | |
| Source of classification or shelving scheme | Dewey Decimal Classification |
| Koha item type | Book |
| Withdrawn status | Lost status | Damaged status | Not for loan | Collection code | Home library | Current library | Date acquired | Cost, normal purchase price | Total Checkouts | Full call number | Barcode | Date last seen | Price effective from | Koha item type |
|---|---|---|---|---|---|---|---|---|---|---|---|---|---|---|
| MSW | St Aloysius PG Library | St Aloysius PG Library | 05/20/2002 | 50.00 | 152 KANH | PG019349 | 08/24/2022 | 04/26/2021 | Book | |||||
| MSW | St Aloysius PG Library | St Aloysius PG Library | 05/20/2002 | 50.00 | 152 KANH | PG019350 | 08/24/2022 | 04/26/2021 | Book | |||||
| MSW | St Aloysius PG Library | St Aloysius PG Library | 05/20/2002 | 50.00 | 152 KANH | PG019351 | 08/24/2022 | 04/26/2021 | Book |